Prism an introduction to literature / (Record no. 3293)
[ view plain ]
| 000 -LEADER | |
|---|---|
| fixed length control field | 00905nam a2200337 a 4500 |
| 001 - CONTROL NUMBER | |
| control field | 3845977 |
| 003 - CONTROL NUMBER IDENTIFIER | |
| control field | OSt |
| 005 - DATE AND TIME OF LATEST TRANSACTION | |
| control field | 20140310181752.0 |
| 008 - FIXED-LENGTH DATA ELEMENTS--GENERAL INFORMATION | |
| fixed length control field | 870430s1986 ph b 000 0 eng |
| 010 ## - LIBRARY OF CONGRESS CONTROL NUMBER | |
| LC control number | 87137210 |
| 020 ## - INTERNATIONAL STANDARD BOOK NUMBER | |
| International Standard Book Number | 9710830724 |
| 040 ## - CATALOGING SOURCE | |
| Original cataloging agency | DLC |
| Transcribing agency | DLC |
| Modifying agency | DLC |
| 050 00 - LIBRARY OF CONGRESS CALL NUMBER | |
| Classification number | PN 6014 |
| Item number | .T656 2005 |
| 082 00 - DEWEY DECIMAL CLASSIFICATION NUMBER | |
| Classification number | FIL 800 |
| Item number | T59 1986 |
| 100 ## - MAIN ENTRY--PERSONAL NAME | |
| Personal name | Tomeldan, Yolanda V. |
| 245 00 - TITLE STATEMENT | |
| Title | Prism an introduction to literature / |
| Statement of responsibility, etc | Yolanda V. Tomeldan |
| 260 ## - PUBLICATION, DISTRIBUTION, ETC. (IMPRINT) | |
| Place of publication, distribution, etc | Metro Manila, Philippines : |
| Name of publisher, distributor, etc | National Book Store, |
| Date of publication, distribution, etc | c2005. |
| 300 ## - PHYSICAL DESCRIPTION | |
| Extent | xxiv, 793 p. : |
| Dimensions | 22 cm. |
| 650 #0 - SUBJECT ADDED ENTRY--TOPICAL TERM | |
| Topical term or geographic name as entry element | Literature |
| General subdivision | Collections. |
| 700 1# - ADDED ENTRY--PERSONAL NAME | |
| Personal name | Tomeldan, Yolanda V. |
| 906 ## - LOCAL DATA ELEMENT F, LDF (RLIN) | |
| a | 7 |
| b | cbc |
| c | orignew |
| d | 3 |
| e | ncip |
| f | 19 |
| g | y-gencatlg |
| 942 ## - ADDED ENTRY ELEMENTS (KOHA) | |
| Source of classification or shelving scheme | Library of Congress Classification |
| Koha item type | Books |
| Withdrawn status | Lost status | Source of classification or shelving scheme | Damaged status | Home library | Current library | Shelving location | Date acquired | Total Checkouts | Full call number | Barcode | Date last seen | Copy number | Price effective from | Koha item type |
|---|---|---|---|---|---|---|---|---|---|---|---|---|---|---|
| Library of Congress Classification | Luxembourg Library | Luxembourg Library | Filipiniana Section | 06/28/2013 | PN 6014 .T656 2005 | 15236 | 08/13/2013 | 2 | 06/28/2013 | Books | ||||
| Library of Congress Classification | Luxembourg Library | Luxembourg Library | Filipiniana Section | 06/28/2013 | PN 6014 .T656 2006 | 16685 | 08/13/2013 | 3 | 06/28/2013 | Books | ||||
| Library of Congress Classification | Luxembourg Library | Luxembourg Library | Filipiniana Section | 06/28/2013 | PN 6014 .T656 2007 | 18425 | 08/13/2013 | 4 | 06/28/2013 | Books | ||||
| Library of Congress Classification | Luxembourg Library | Luxembourg Library | Filipiniana Section | 06/28/2013 | PN 6014 .T656 2005 | 15235 | 08/13/2013 | 5 | 06/28/2013 | Books | ||||
| Library of Congress Classification | Luxembourg Library | Luxembourg Library | Filipiniana Section | 06/28/2013 | PN 6014 .T656 2007 | 17836 | 08/13/2013 | 6 | 06/28/2013 | Books | ||||
| Library of Congress Classification | Luxembourg Library | Luxembourg Library | Filipiniana Section | 06/28/2013 | PN 6014 .T656 2005 | 19214 | 08/13/2013 | 7 | 06/28/2013 | Books |